[Event "Zaragoza Province-ch Primera"]
[Site "Zaragoza"]
[Date "2015.09.27"]
[Round "1"]
[White "Martin Pastor, Ivan"]
[Black "Roldan Perez, Juan Jose"]
[Result "1-0"]
[WhiteElo "1743"]
[BlackElo "1573"]
[PlyCount "41"]
[EventDate "2015.09.27"]
[EventType "swiss"]
[EventRounds "6"]
[EventCountry "ESP"]
[SourceTitle "CBM 170 Extra"]
[Source "ChessBase"]
[SourceDate "2016.02.25"]
[SourceVersion "1"]
[SourceVersionDate "2016.02.25"]
[SourceQuality "1"]

1. e4 c6 2. d3 d5 3. Nd2 dxe4 4. Nxe4 Nd7 5. Be2 Ngf6 6. Bg5 Nxe4 7. dxe4 Qa5+ 8. Bd2 Qe5 9. Bd3 Qxb2 10. Ne2 Qb6 11. Rb1 Qc7 12. f4 e5 13. f5 Bc5 14. Ng3 0-0 15. Nh5 Re8 16. Qg4 Bf8 17. Nxg7 Bxg7 18. Bh6 Kf8 19. Qxg7+ Ke7 20. Bg5+ Kd6 21. Qxf7 1-0